[Event "OWL-ch U14"]
[Site "Hiddenhausen"]
[Date "2005.01.05"]
[Round "7"]
[White "Egberts, Niklas"]
[Black "Unruh, Roland"]
[Result "0-1"]
[WhiteElo "1188"]
[BlackElo "1343"]
[PlyCount "94"]
[EventDate "2005.01.02"]
[EventType "swiss"]
[EventRounds "7"]
[EventCountry "GER"]
[SourceTitle "EXT 2007"]
[Source "ChessBase"]
[SourceDate "2006.11.23"]
[SourceVersion "1"]
[SourceVersionDate "2006.11.23"]
[SourceQuality "1"]

1. e4 e5 2. Nf3 Nc6 3. Bc4 Nf6 4. Ng5 d5 5. exd5 Nxd5 6. d3 Be7 7. Nf3 Bg4 8. b3 Nd4 9. Bb2 Bxf3 10. gxf3 Nf4 11. Rg1 Rg8 12. Qd2 Nxf3+ 13. Kd1 Nxd2 14. Nxd2 Bf6 15. Re1 Qd6 16. d4 Qd7 17. dxe5 0-0-0 18. Bc3 Bg5 19. Kc1 Ne6 20. Kb2 Bxd2 21. Bxd2 Qxd2 22. Re2 Qd4+ 23. c3 Qf4 24. Rc1 Rd2+ 25. Rxd2 Qxd2+ 26. Rc2 Qf4 27. Re2 Rd8 28. Kc2 Qxh2 29. f3 Qf4 30. b4 Qxf3 31. a4 h5 32. a5 Qxe2+ 33. Bxe2 Nf4 34. Bb5 h4 35. a6 h3 36. e6 fxe6 37. axb7+ Kxb7 38. Bc6+ Kxc6 39. b5+ Kb6 40. Kb3 h2 41. Kc4 h1Q 42. Kb3 Qd5+ 43. Kc2 Qd3+ 44. Kb3 Kxb5 45. Kb2 Qc4 46. Kb1 Qb3+ 47. Kc1 Rd1# 0-1

[Event "OWL-ch U14"]
[Site "Hiddenhausen"]
[Date "2005.01.03"]
[Round "3"]
[White "Unruh, Roland"]
[Black "Weichert, Moritz"]
[Result "1-0"]
[WhiteElo "1343"]
[BlackElo "1221"]
[PlyCount "59"]
[EventDate "2005.01.02"]
[EventType "swiss"]
[EventRounds "7"]
[EventCountry "GER"]
[SourceTitle "EXT 2007"]
[Source "ChessBase"]
[SourceDate "2006.11.23"]
[SourceVersion "1"]
[SourceVersionDate "2006.11.23"]
[SourceQuality "1"]

1. e4 e5 2. Nf3 Nc6 3. Nc3 Nf6 4. Bb5 g6 5. d3 d6 6. Bg5 Bg7 7. Qd2 Be6 8. Nd5 Bxd5 9. exd5 0-0 10. dxc6 bxc6 11. Bxc6 Rb8 12. Rb1 Rb6 13. Ba4 Ra6 14. b3 Qb8 15. 0-0 c6 16. Bh6 d5 17. Bxg7 Kxg7 18. Qe2 e4 19. dxe4 dxe4 20. Ng5 Ra5 21. Nxe4 Rh5 22. h3 Re8 23. f3 Rh4 24. Qf2 Rexe4 25. fxe4 Ng4 26. Qxf7+ Kh6 27. hxg4 Qh2+ 28. Kf2 Rxg4 29. Rh1 Rf4+ 30. Qxf4+ 1-0

[Event "NRW-chT U12"]
[Site "Hiddenhausen"]
[Date "2003.05.18"]
[Round "3.2"]
[White "Pliete, Christian"]
[Black "Unruh, Roland"]
[Result "1-0"]
[WhiteElo "1183"]
[BlackElo "936"]
[PlyCount "155"]
[EventDate "2003.05.??"]
[EventType "team-tourn"]
[EventRounds "3"]
[EventCountry "GER"]
[SourceTitle "EXT 2005"]
[Source "ChessBase"]
[SourceDate "2004.11.15"]
[SourceVersion "1"]
[SourceVersionDate "2004.11.15"]
[SourceQuality "1"]

1. c4 e5 2. Nc3 Nc6 3. g3 f5 4. e3 Nf6 5. Bg2 Bb4 6. Qb3 Bxc3 7. Qxc3 d6 8. Qb3 e4 9. f3 0-0 10. Nh3 Kh8 11. c5 dxc5 12. Ng5 exf3 13. Bxf3 Qd7 14. 0-0 h6 15. Nh3 Qe6 16. Nf4 Qxb3 17. axb3 Kh7 18. Bxc6 bxc6 19. Ra5 Rb8 20. Rxa7 Rb7 21. Ra8 Kg8 22. Ng6 Re8 23. d4 cxd4 24. exd4 Rxb3 25. Bf4 Nd5 26. Be5 Rxb2 27. Nh4 Kf7 28. Nxf5 Bxf5 29. Rxf5+ Ke7 30. Rxe8+ Kxe8 31. Bxg7 Kd7 32. Bxh6 Nc3 33. Bg7 Ne2+ 34. Kf1 Nc3 35. d5 Rc2 36. dxc6+ Kxc6 37. Rf4 Nd5 38. Rf2 Ne3+ 39. Ke1 Rxf2 40. Kxf2 Ng4+ 41. Kg1 Kd5 42. h3 Ne5 43. Kg2 c5 44. Bh6 c4 45. h4 Ng4 46. Bf4 c3 47. Kf3 Ne5+ 48. Ke2 Ke4 49. Kd1 Ng4 50. Kc2 Kd4 51. h5 Ne5 52. h6 Nf7 53. h7 Nh8 54. Bh6 Nf7 55. Bf8 Ke5 56. Bg7+ Kf5 57. h8Q Nxh8 58. Bxh8 Kg4 59. Be5 Kf5 60. Bb8 Kg4 61. Kxc3 Kf5 62. Kd3 Kg4 63. Ke4 Kg5 64. Kf3 Kf5 65. g4+ Kg5 66. Kg3 Kg6 67. Kh4 Kh6 68. g5+ Kg7 69. Kg4 Kg6 70. Bc7 Kg7 71. Kf5 Kf7 72. g6+ Kg7 73. Be5+ Kg8 74. Kf6 Kf8 75. g7+ Kg8 76. Ke7 Kh7 77. Kf8 Kh6 78. g8Q 1-0

[Event "NRW-chT U12"]
[Site "Hiddenhausen"]
[Date "2003.05.17"]
[Round "1.2"]
[White "Zelbel, Patrick"]
[Black "Unruh, Roland"]
[Result "1-0"]
[WhiteElo "1483"]
[BlackElo "936"]
[PlyCount "71"]
[EventDate "2003.05.??"]
[EventType "team-tourn"]
[EventRounds "3"]
[EventCountry "GER"]
[SourceTitle "EXT 2005"]
[Source "ChessBase"]
[SourceDate "2004.11.15"]
[SourceVersion "1"]
[SourceVersionDate "2004.11.15"]
[SourceQuality "1"]

1. e4 e5 2. Nf3 Nc6 3. Bb5 d6 4. d4 exd4 5. Nxd4 Bd7 6. Nxc6 Bxc6 7. Bxc6+ bxc6 8. 0-0 Nf6 9. Re1 Be7 10. c4 0-0 11. Nc3 Rb8 12. Qa4 Qd7 13. Qxa7 Ra8 14. Qd4 Rab8 15. e5 dxe5 16. Qxe5 Bd6 17. Qg5 Rfe8 18. Rxe8+ Rxe8 19. Be3 Qe7 20. Bd2 Qe5 21. Qxe5 Rxe5 22. Re1 Rc5 23. b3 Rh5 24. h3 Bb4 25. Ne4 Bxd2 26. Nxd2 Kf8 27. Nf3 Ra5 28. Re2 h6 29. Kf1 Ng8 30. Ne5 Ne7 31. Ke1 Ke8 32. Nxc6 Rxa2 33. Rxe7+ Kf8 34. Rxc7 Ra1+ 35. Ke2 Rb1 36. Rc8# 1-0